LEADER 05995nam 2200649 450 001 9910780925103321 005 20230126210734.0 010 $a1-59693-390-9 035 $a(CKB)2550000000001755 035 $a(EBL)951026 035 $a(OCoLC)797915734 035 $a(SSID)ssj0000333876 035 $a(PQKBManifestationID)11242070 035 $a(PQKBTitleCode)TC0000333876 035 $a(PQKBWorkID)10378174 035 $a(PQKB)11323959 035 $a(Au-PeEL)EBL951026 035 $a(CaPaEBR)ebr10359021 035 $a(CaBNVSL)mat09100114 035 $a(IEEE)9100114 035 $a(MiAaPQ)EBC951026 035 $a(EXLCZ)992550000000001755 100 $a20200729d2009 uy 101 0 $aeng 135 $aur|n|---||||| 181 $ctxt 182 $cc 183 $acr 200 00$aAchieving interoperability in critical IT and communication systems /$fRobert I. Desourdis, Jr. [and others], editors 210 1$aBoston :$cArtech House,$d2009. 210 2$a[Piscataqay, New Jersey] :$cIEEE Xplore,$d[2009] 215 $a1 online resource (440 p.) 225 1 $aMobile communications series 300 $aDescription based upon print version of record. 311 $a1-59693-389-5 320 $aIncludes bibliographical references and index. 327 $aAchieving Interoperability in Critical IT and Communication Systems; Contents; Foreword; Foreword; Preface; Acknowledgments; Chapter 1 Interoperability Defined; 1.1 Real Interoperability; 1.2 Definition and Vision; 1.3 Planning Elements of Interoperable IT and Communication Systems; 1.4 Holistic Interoperability; References; Chapter 2 Pearl Harbor, 9/11, and Katrina: Same Lessons Not Yet Learned; 2.1 Now and Then: Enduring Failure; 2.1.1 Totsugeki Raigeki (TO-RA); 2.1.2 The Environment; 2.2 Failed Interoperability; 2.2.1 Failure of Organization; 2.2.2 Failure of Assumption 327 $a2.2.3 Failure of Omission2.2.4 Failure of Verification; 2.2.5 Failure of Supervision; 2.2.6 Failure of Alertness; 2.2.7 Failure of Complacency; 2.2.8 Failure of Intelligence; 2.2.9 Failure of Attitude; 2.2.10 Failure of Imagination; 2.2.11 Failure of Communications; 2.2.12 Failure of Paraphrase; 2.2.13 Failure of Adaptability; 2.2.14 Failure of Disclosure; 2.2.15 Failure of Insight; 2.2.16 Failure of Dissemination; 2.2.17 Failure of Inspection; 2.2.18 Failure of Preparedness; 2.2.19 Failure of Consistency; 2.2.20 Failure of Jealousy; 2.2.21 Failure of Relationships; 2.2.22 Failure of Priority 327 $a2.2.23 Failure of Reporting2.2.24 Failure of Improvement; 2.2.25 Failure of Delegation; 2.3 Pearl Harbor Interoperability Analysis; 2.4 Lessons Taught-Not Learned; 2.4.1 Deficiency Mapping: From Pearl Harbor to 9/11 and Katrina; 2.4.2 Pearl Harbor Failures Revisited for 9/11 and Katrina; 2.5 Leadership Failures and the Need for Holistic Interoperability; References; Selected Bibliography; Chapter 3 World Interoperability Failure Model; 3.1 The Cause; 3.2 Responder-Receivers Organizations in the Failure Model; 3.2.1 Public Safety, Emergency Response, and Other Stakeholder Disciplines 327 $a3.2.2 IT and Communication Systems3.3 Governance Layers in the Failure Model; 3.4 Other Deterrents to Interoperability; 3.4.1 Bureaucracies in the Failure Model; 3.4.2 Consultants in the Failure Model; 3.4.3 Vendors in the Failure Model; 3.5 The Interoperability Assessment Checklist; 3.6 Summary; References; Chapter 4 Best Practices for Achieving Interoperability; 4.1 Overview of Best Practices; 4.2 Program and Project Management; 4.2.1 Definitions; 4.2.2 Overview of the Project Management Institute Approach; 4.2.3 Tailoring Guidance 327 $a4.2.4 Application of Project Management Best Practices to the Interoperability Failure Model4.3 Organizational Development; 4.3.1 Overview; 4.3.2 Organizational Structure; 4.3.3 Organizational Change Management and Strategic Communications; 4.4 Strategic Planning; 4.4.1 Overview; 4.4.2 What is Strategic Planning?; 4.4.3 Methodology; 4.5 Enterprise Architecture; 4.5.1 Overview; 4.5.2 Considerations in the Use of Enterprise Architecture; 4.5.3 Approach to Enterprise Architecture; 4.5.4 Determining Purpose and Scope of the Enterprise Architecture; 4.5.5 Architectural Views 327 $a4.5.6 Interoperability Enterprise Architecture Views and the World Interoperability Failure Model 330 3 $aAddressing several misconceptions and misunderstandings about communications interoperability that continue to limit capabilities in the field - the same systemic problems that prevented effective information sharing at Pearl Harbor and revealed themselves again on 9/11 -- this unique book provides a detailed examination of the subject. It focuses on the use of voice, data, and video systems for public safety and emergency response. This practical resource makes in-depth recommendations spanning technical, planning, and procedural approaches to provide efficient public safety response performance. You find coverage the many approaches used to achieve interoperability, including a synopsis of the enabling technologies and systems intended to provide radio interoperability. Featuring specific examples nationwide, the book takes you from strategy to proper implementation, using enterprise architecture, systems engineering, and systems integration planning.$cPublisher abstract. 410 0$aArtech House mobile communications series. 606 $aEmergency management$xCommunication systems$xComputer networks 606 $aInternetworking (Telecommunication) 615 0$aEmergency management$xCommunication systems$xComputer networks. 615 0$aInternetworking (Telecommunication) 676 $a363.340284 701 $aDesourdis$b Robert I$01566426 801 0$bCaBNVSL 801 1$bCaBNVSL 801 2$bCaBNVSL 906 $aBOOK 912 $a9910780925103321 996 $aAchieving interoperability in critical IT and communication systems$93836896 997 $aUNINA LEADER 01349nam0 22003011i 450 001 UON00231361 005 20231205103503.695 010 $a27-07-11045-0 100 $a20030730d1978 |0itac50 ba 101 $afre 102 $aFR 105 $a|||| ||||| 200 1 $aˆLe ‰ noyau rationnel de la dialectique hégélienne$eTraductions, introductions et commentaires autour d'un texte de Zhang Shiying (Pékin, 1972)$fAlain Badiou, Joël Bellassen, Louis Mossot 210 $aParis$cMaspero$d1978 215 $a91 p.$d20 cm. 410 1$1001UON00176993$12001 $a Collection Yenan. Série "Synthèses"$fdirigée par Alain Badiou et Sylvain Lazarus$1210 $aParis$cMaspero 620 $aFR$dParis$3UONL002984 676 $a141$cIdealismo e sistemi e dottrine connessi$v21 700 1$aBADIOU$bAlain$3UONV140244$044535 701 1$aBellassen$bJoël$3UONV140245$0687174 701 1$aMOSSOT$bLouis$3UONV140246$0687175 712 $aMaspero$3UONV246822$4650 801 $aIT$bSOL$c20240220$gRICA 899 $aSIBA - SISTEMA BIBLIOTECARIO DI ATENEO$2UONSI 912 $aUON00231361 950 $aSIBA - SISTEMA BIBLIOTECARIO DI ATENEO$dSI FS 02526 $eSI LO 14230 5 996 $aNoyau rationnel de la dialectique hégélienne$91272590 997 $aUNIOR LEADER 03773nam 22007455 450 001 9910437820703321 005 20251113193915.0 010 $a1-283-69763-7 010 $a3-642-32295-6 024 7 $a10.1007/978-3-642-32295-2 035 $a(CKB)2670000000279494 035 $a(EBL)1030549 035 $a(OCoLC)813837899 035 $a(SSID)ssj0000790758 035 $a(PQKBManifestationID)11459211 035 $a(PQKBTitleCode)TC0000790758 035 $a(PQKBWorkID)10746682 035 $a(PQKB)11309319 035 $a(DE-He213)978-3-642-32295-2 035 $a(MiAaPQ)EBC1030549 035 $a(PPN)168321483 035 $a(EXLCZ)992670000000279494 100 $a20121009d2013 u| 0 101 0 $aeng 135 $aur|n|---||||| 181 $ctxt 182 $cc 183 $acr 200 10$aDesign and Analysis of Materials and Engineering Structures /$fedited by Andreas Öchsner, Lucas F. M. da Silva, Holm Altenbach 205 $a1st ed. 2013. 210 1$aBerlin, Heidelberg :$cSpringer Berlin Heidelberg :$cImprint: Springer,$d2013. 215 $a1 online resource (178 p.) 225 1 $aAdvanced Structured Materials,$x1869-8441 ;$v32 300 $aDescription based upon print version of record. 311 08$a3-642-42707-3 311 08$a3-642-32294-8 320 $aIncludes bibliographical references and index. 327 $aDynamic Analysis of Pre-Cast RC Telecommunication Towers Using a Simplified Model -- Materials' Damages Observation for Educational Purposes at BSc Level -- Robust to Illumination Variations Preprocessing for Image Sequence Visualization -- A Parametric Finite-Volume Formulation for Linear Viscoelasticity -- Efficient crack propagation simulation using the superimposed finite element method and cohesive zone model -- New procedure for determination of main technological parameters of rolling mill -- Design of driveline Test Bench for NVH Improvement of Automotive Chassis Components System -- Methodology of Quantitative Evaluation of Structure in Cast Magnesium Alloys -- 3D Mesh Extraction for Transmission Line Matrix (TLM) Modelling -- Different Analysis Strategies for RCC Dam Design -- Forward Modelling of Seabed Logging by Finite Integration (FI) and Finite Element (FE) Methods. 330 $aThe idea of this monograph is to present the latest results related to design and analysis of materials and engineering structures. The contributions cover the field of mechanical and civil engineering, ranging from automotive to dam design, transmission towers and up to machine design and exmaples taken from oil industry. Well known experts present their research on damage and fracture of material and structures, materials modelling and evaluation up to image processing and visualization for advanced analyses and evaluation. 410 0$aAdvanced Structured Materials,$x1869-8441 ;$v32 606 $aMaterials$xAnalysis 606 $aMechanics, Applied 606 $aSolids 606 $aBuilding materials 606 $aCharacterization and Analytical Technique 606 $aSolid Mechanics 606 $aBuilding Materials 615 0$aMaterials$xAnalysis. 615 0$aMechanics, Applied. 615 0$aSolids. 615 0$aBuilding materials. 615 14$aCharacterization and Analytical Technique. 615 24$aSolid Mechanics. 615 24$aBuilding Materials. 676 $a624.1/8 701 $aOchsner$b Andreas$0317948 701 $aSilva$b Lucas F. M. da$01762594 701 $aAltenbach$b Holm$0762891 801 0$bMiAaPQ 801 1$bMiAaPQ 801 2$bMiAaPQ 906 $aBOOK 912 $a9910437820703321 996 $aDesign and analysis of materials and engineering structures$94202609 997 $aUNINA